000 00285nam a2200133Ia 4500
100 _aJoshi// Patel .
942 _cBK
654 _aPhysics.
245 _aFoundamentals of Physics.
260 _bDeshmukh Prakashan & Co
_c2001
082 _a530
300 _a1110
546 _aENGLISH
999 _c28725
_d28725